000 00905nam a2200241Ia 4500
003 OSt
005 20220923212418.0
006 a|||||r|||| 00| 0
007 ta
008 220922b |||||||| |||| 00| 0 hin d
024 _a152,723
037 _cTextual
040 _aARTS
_cARTS
_bhin
041 _2hin
_ahin
082 _aNRwM, 152L6
100 _aयजुर्वेदी, सुलोचना; बृहस्पति, आचार्य
_9162446
245 0 _aखुसरो तानसेन तथा अन्य कलाकार
246 _aKhusaro tānasen tathā anya kalākāra
260 _aदिल्ली
_b राजकमल प्रकाशन
_c1976
300 _a282 पृ.
_ccm.
942 _hNRwM, 152L6
_cTEXL
_2CC
999 _c308372
_d308372